000 00423nam a2200145Ia 4500
008 240126s9999 xx 000 0 und d
022 _a0973-5704
041 _aEnglish
245 0 _aInternational Journal of Computing and Applications (IJCA) (2011 -
260 _bSerials Publications
_aNew Delhi
440 _aNULL
650 _aComputer Science
650 _aComputing,(IJCA),(2011,-,Computer Science
942 _cJN
999 _c266539
_d266539